[Event "Politiken Cup"]
[Site "Copenhagen"]
[Date "2006.07.26"]
[Round "5.82"]
[White "Kafka, Graeme"]
[Black "Rasmussen, Henning"]
[Result "1-0"]
[WhiteElo "2134"]
[BlackElo "1927"]
[PlyCount "97"]
[EventDate "2006.??.??"]

1. e4 e6 2. d4 d5 3. e5 c5 4. c3 Nc6 5. Nf3 Qb6 6. a3 a5 7. Bd3 Bd7 8. O-O a4
9. Bc2 c4 10. Ng5 g6 11. Qf3 Nd8 12. Nd2 Bg7 13. Re1 Nh6 14. Nf1 Qc7 15. Ne3
Bb5 16. Ng4 Nxg4 17. Qxg4 Kd7 18. Nh3 Kc8 19. Bg5 b6 20. Qf3 Kb7 21. Bf6 Bxf6
22. Qxf6 Nc6 23. Re3 Qe7 24. Rf3 Qxf6 25. Rxf6 Raf8 26. Ng5 Nd8 27. Re1 Be8 28.
Re3 b5 29. h4 h6 30. Nh3 Rfg8 31. Rf4 Kc7 32. Rg3 Kd7 33. Bd1 Nc6 34. h5 g5 35.
Rf6 Nd8 36. f4 gxf4 37. Rxg8 Rxg8 38. Rxh6 Nc6 39. Rf6 Ne7 40. h6 Ng6 41. Nxf4
Nxf4 42. Rxf4 Rh8 43. Rf6 Ke7 44. Kf2 Kf8 45. Bc2 Bd7 46. g4 Be8 47. Kg3 Ke7
48. Kh4 Rg8 49. Kh5 1-0

[Event "Politiken Cup"]
[Site "Copenhagen"]
[Date "2006.07.26"]
[Round "5.83"]
[White "Nielsen, Borge Hjerrild"]
[Black "Andersen, Dag"]
[Result "1-0"]
[WhiteElo "2119"]
[BlackElo "1910"]
[PlyCount "119"]
[EventDate "2006.??.??"]

1. d4 d5 2. c4 c6 3. cxd5 cxd5 4. Nc3 Nf6 5. Bf4 Nc6 6. e3 a6 7. Nf3 e6 8. Bd3
h6 9. O-O Bd6 10. Bxd6 Qxd6 11. Na4 O-O 12. a3 b5 13. Nc5 e5 14. dxe5 Nxe5 15.
Nb3 Nxd3 16. Qxd3 Bd7 17. Rac1 Rac8 18. Nbd2 Qb8 19. h3 Rxc1 20. Rxc1 Rc8 21.
Rc3 a5 22. b4 axb4 23. axb4 Qa8 24. Kh2 Qb8+ 25. g3 Qb7 26. Qc2 Rxc3 27. Qxc3
Ne4 28. Nxe4 dxe4 29. Nd4 Qb6 30. Kg2 Qb7 31. Qc5 Qb8 32. Kh2 Qe8 33. Qd5 Kh8
34. g4 Kg8 35. Qd6 Kh8 36. Kg3 Kg8 37. Qc7 g6 38. Qf4 Kg7 39. h4 Qe7 40. Qc7
Qe8 41. Qd6 Kh7 42. Qf6 Qb8+ 43. Qf4 Qe8 44. Qf6 Qb8+ 45. Kg2 Qe8 46. g5 h5 47.
Kg3 Qb8+ 48. Qf4 Qe8 49. Qd6 Kg8 50. Kf4 Bh3 51. Nc6 Kh7 52. Ne7 Bg2 53. Nd5
Qc8 54. Nf6+ Kg7 55. Qe5 Qh3 56. Nxh5+ Kf8 57. Qd6+ Kg8 58. Qd8+ Kh7 59. Nf6+
Kg7 60. Qg8# 1-0

[Event "Politiken Cup"]
[Site "Copenhagen"]
[Date "2006.07.26"]
[Round "5.84"]
[White "Hernandez Castro, Julio Cesar"]
[Black "Marder, Simon"]
[Result "1/2-1/2"]
[WhiteElo "1916"]
[BlackElo "2069"]
[PlyCount "52"]
[EventDate "2006.??.??"]

1. d4 Nc6 2. d5 Ne5 3. e4 e6 4. dxe6 dxe6 5. Qxd8+ Kxd8 6. f4 Ng6 7. Bd3 Bc5 8.
Nf3 N8e7 9. c4 Nc6 10. a3 Nd4 11. Nxd4 Bxd4 12. Ra2 b6 13. Ke2 Bb7 14. Be3 c5
15. Nd2 Kc7 16. b4 Rad8 17. g3 e5 18. f5 Ne7 19. Rf1 f6 20. Bxd4 exd4 21. bxc5
bxc5 22. Nb3 Kd6 23. Na5 Ba8 24. Rb2 Rd7 25. Rfb1 Rc8 26. Kd2 Nc6 1/2-1/2

[Event "Politiken Cup"]
[Site "Copenhagen"]
[Date "2006.07.26"]
[Round "5.85"]
[White "Berstad, Joerund"]
[Black "Skjoldager, Flemming"]
[Result "0-1"]
[WhiteElo "1883"]
[BlackElo "2067"]
[PlyCount "118"]
[EventDate "2006.??.??"]

1. e4 c6 2. d4 d5 3. Nc3 dxe4 4. Nxe4 Nf6 5. Nxf6+ gxf6 6. Nf3 Bf5 7. Bf4 e6 8.
Bd3 Bxd3 9. Qxd3 Nd7 10. O-O-O Qa5 11. Kb1 O-O-O 12. Qb3 Nb6 13. g4 Rg8 14. h3
Bd6 15. Bxd6 Rxd6 16. c4 Rdd8 17. Rhe1 Nd7 18. d5 e5 19. dxc6 bxc6 20. Qc2 Rh8
21. Re3 Qc5 22. Qa4 Kb7 23. Red3 Nb6 24. Qb3 Rxd3 25. Rxd3 e4 26. Rd7+ Kc8 27.
Rxa7 exf3 28. a4 Re8 29. a5 Re1+ 30. Ka2 Qxc4 31. Qxc4 Nxc4 32. Rxf7 Re2 33.
Rxf6 Rxb2+ 34. Ka1 Kb7 35. Rxf3 Rb5 36. Rf7+ Ka6 37. Rxh7 Kxa5 38. h4 Nd2 39.
Rd7 Ne4 40. Ra7+ Kb6 41. Ra2 Nc3 42. Rb2 Rxb2 43. Kxb2 Nd1+ 44. Kc2 Nxf2 45. g5
Ne4 46. Kd3 Ng3 47. Kc4 Nh5 48. Kd4 c5+ 49. Kc4 Kc6 50. Kc3 Kd5 51. g6 c4 52.
Kc2 Kd4 53. Kd2 c3+ 54. Kc2 Kc4 55. Kc1 Kd3 56. Kd1 c2+ 57. Kc1 Nf4 58. g7 Ne2+
59. Kb2 c1=Q+ 0-1

[Event "Politiken Cup"]
[Site "Copenhagen"]
[Date "2006.07.26"]
[Round "5.86"]
[White "Akdag, Dara"]
[Black "Jacobsen, Per"]
[Result "1-0"]
[WhiteElo "1958"]
[BlackElo "1508"]
[PlyCount "45"]
[EventDate "2006.??.??"]

1. d4 Nf6 2. c4 e5 3. dxe5 Ne4 4. Nf3 Nc6 5. a3 d6 6. exd6 Bxd6 7. e3 Qf6 8.
Bd3 Nc5 9. Be2 Bf5 10. Nc3 O-O-O 11. Nd5 Qe6 12. b4 Ne4 13. Qb3 Bg4 14. Bb2 Nf6
15. Ng5 Qe8 16. Nxf6 gxf6 17. Bxg4+ Kb8 18. Bxf6 Rg8 19. Bf3 Rd7 20. Rd1 Ne5
21. Ke2 Nxf3 22. gxf3 Rg6 23. Ne4 1-0

[Event "Politiken Cup"]
[Site "Copenhagen"]
[Date "2006.07.26"]
[Round "5.87"]
[White "Hayes, Stuart"]
[Black "Moller, Arne"]
[Result "0-1"]
[WhiteElo "2039"]
[BlackElo "1901"]
[PlyCount "88"]
[EventDate "2006.??.??"]

1. Nf3 Nf6 2. d4 e6 3. c4 Be7 4. Nc3 d6 5. e4 O-O 6. Bd3 Nbd7 7. e5 dxe5 8.
dxe5 Nc5 9. Bc2 Qxd1+ 10. Nxd1 Ne8 11. Ng5 g6 12. Nf3 Ng7 13. Nc3 a6 14. Ne4
Nxe4 15. Bxe4 Rb8 16. Be3 Nf5 17. Bd2 b6 18. g4 Ng7 19. Bh6 Rd8 20. h4 Bb7 21.
Bxb7 Rxb7 22. h5 c6 23. hxg6 hxg6 24. Bg5 Bxg5 25. Nxg5 Rd4 26. Rh4 Nf5 27. Rh2
Rxg4 28. Nh7 Re4+ 29. Kf1 Rxe5 30. Nf6+ Kg7 31. Ne8+ Kf8 32. Nf6 Nd4 33. Rd1 c5
34. Rd3 Ke7 35. Ng8+ Kd6 36. Rh7 Rf5 37. Nh6 Rf4 38. Ra3 a5 39. Rg3 Rd7 40. Rh8
e5 41. Ng4 Nf3 42. Ne3 Nd2+ 43. Ke1 Nxc4 44. Nxc4+ Rxc4 0-1

[Event "Politiken Cup"]
[Site "Copenhagen"]
[Date "2006.07.26"]
[Round "5.88"]
[White "Lindström, Per-Ove"]
[Black "Sending, Stale"]
[Result "0-1"]
[WhiteElo "1858"]
[BlackElo "2035"]
[PlyCount "66"]
[EventDate "2006.??.??"]

1. d4 Nf6 2. c4 e6 3. Nf3 b6 4. g3 Bb7 5. Bg2 Be7 6. Nc3 d5 7. Ne5 Nbd7 8. Nxd7
Qxd7 9. O-O c5 10. cxd5 exd5 11. Bg5 h6 12. Bf4 O-O 13. dxc5 bxc5 14. Qb3 c4
15. Qc2 d4 16. Bxb7 Qxb7 17. Na4 Rac8 18. Rfd1 Rfd8 19. Qb1 Qd7 20. b3 Qh3 21.
f3 Nh5 22. Qe4 Nxf4 23. Qxf4 Bg5 24. Qg4 Qxg4 25. fxg4 Be3+ 26. Kf1 c3 27. b4
c2 28. Rdc1 Bxc1 29. Rxc1 d3 30. exd3 Rxd3 31. Ke2 Rd4 32. a3 Re8+ 33. Kf3 Rd3+
0-1

[Event "Politiken Cup"]
[Site "Copenhagen"]
[Date "2006.07.26"]
[Round "5.89"]
[White "Jacobsen, Maria Pitz"]
[Black "Nielsen, Jens Holm"]
[Result "1/2-1/2"]
[WhiteElo "1848"]
[BlackElo "2034"]
[PlyCount "152"]
[EventDate "2006.??.??"]

1. e4 Nc6 2. d4 d5 3. e5 Bf5 4. Bb5 Qd7 5. c4 a6 6. Ba4 dxc4 7. d5 b5 8. dxc6
Qxc6 9. Nf3 bxa4 10. Nc3 Rd8 11. Qxa4 Qxa4 12. Nxa4 Bd3 13. Nc5 e6 14. Nxd3
cxd3 15. O-O Ne7 16. Be3 Nf5 17. Bg5 Be7 18. Bxe7 Kxe7 19. Rac1 Rd7 20. Rfd1
Rb8 21. b3 Rb5 22. Rc3 Rbd5 23. Kf1 Nd4 24. Nxd4 Rxd4 25. f3 f6 26. exf6+ gxf6
27. Kf2 R4d5 28. f4 d2 29. Rc2 Rh5 30. h3 Rhd5 31. Ke2 Rd4 32. Rcxd2 c5 33. g4
R7d5 34. Rxd4 cxd4 35. Kd3 e5 36. g5 fxg5 37. fxe5 Rxe5 38. Kxd4 Re2 39. a4 Re6
40. Rc1 Kd7 41. Rc5 h6 42. Rd5+ Ke7 43. Rf5 Rd6+ 44. Ke4 Rb6 45. Rf3 Ke6 46.
Rd3 a5 47. Kf3 Ke5 48. Ke3 h5 49. Kd2 g4 50. hxg4 hxg4 51. Ke3 Rh6 52. Kf2 Rh2+
53. Kg1 Rb2 54. Rd8 Rxb3 55. Ra8 Kf4 56. Rxa5 Kg3 57. Rf5 Ra3 58. Rf1 Rxa4 59.
Rc1 Ra3 60. Rb1 Re3 61. Ra1 Rd3 62. Rb1 Kh3 63. Rc1 g3 64. Rb1 Rd2 65. Rc1 Re2
66. Rb1 Re3 67. Rc1 Kg4 68. Rb1 Kf3 69. Rc1 g2 70. Rb1 Kg3 71. Rc1 Kf3 72. Rb1
Rd3 73. Rc1 Rd2 74. Rb1 Ke3 75. Rc1 Ke2 76. Kxg2 Kd3+ 1/2-1/2

[Event "Politiken Cup"]
[Site "Copenhagen"]
[Date "2006.07.26"]
[Round "5.90"]
[White "Andersen, Mads"]
[Black "Jensen, Soren"]
[Result "1-0"]
[WhiteElo "1794"]
[BlackElo "2028"]
[PlyCount "59"]
[EventDate "2006.??.??"]

1. e4 c6 2. d4 d5 3. e5 Bf5 4. Nc3 e6 5. g4 Bg6 6. Nge2 h6 7. Be3 Nd7 8. Nf4
Bh7 9. Bd3 Bxd3 10. Qxd3 Bb4 11. O-O Ne7 12. Kh1 Qc7 13. Rg1 Bxc3 14. Qxc3 c5
15. Nd3 c4 16. Raf1 O-O-O 17. Nc1 Rdg8 18. Ne2 h5 19. f3 Nb6 20. Nf4 hxg4 21.
fxg4 Nc6 22. b3 Qe7 23. Bf2 Qb4 24. Be1 Qxc3 25. Bxc3 Kd7 26. Nh5 Ke7 27. Rf3
g6 28. Nf6 Rc8 29. Rgf1 Nd8 30. Bb4+ 1-0

[Event "Politiken Cup"]
[Site "Copenhagen"]
[Date "2006.07.26"]
[Round "5.91"]
[White "Ulvnes, Roar"]
[Black "Petersen, Nils"]
[Result "0-1"]
[WhiteElo "1659"]
[BlackElo "2007"]
[PlyCount "76"]
[EventDate "2006.??.??"]

1. e4 c5 2. d4 cxd4 3. c3 Nf6 4. e5 Nd5 5. Bc4 Qc7 6. Qe2 Nb6 7. Bb3 Nc6 8. Nf3
d5 9. cxd4 Bg4 10. Be3 e6 11. O-O Be7 12. Nc3 O-O 13. Rac1 Rac8 14. Qd2 Bxf3
15. gxf3 f5 16. Kh1 Rf7 17. Ne2 Qd7 18. Nf4 g5 19. Rg1 Kh8 20. Nxe6 Qxe6 21.
Bxg5 Rg8 22. Bh6 Rg6 23. Rxg6 hxg6 24. Rg1 Rh7 25. Bg5 Rh5 26. f4 Qf7 27. a4
Qh7 28. Rg2 Rh3 29. Ba2 Bb4 30. Bf6+ Kg8 31. Qd1 Kf7 32. Bg5 Ke6 33. Kg1 Qh5
34. Qxh5 Rxh5 35. Bf6 Kf7 36. f3 Nxd4 37. Kf2 Ne6 38. Kf1 Rh3 0-1

[Event "Politiken Cup"]
[Site "Copenhagen"]
[Date "2006.07.26"]
[Round "5.92"]
[White "Nielsen, Martin Skovsø"]
[Black "Skovgaard, Tom"]
[Result "0-1"]
[WhiteElo "1650"]
[BlackElo "2004"]
[PlyCount "60"]
[EventDate "2006.??.??"]

1. e4 c5 2. d4 cxd4 3. c3 Nf6 4. e5 Nd5 5. Bc4 Qc7 6. Qe2 Nb6 7. Bb3 Nc6 8. Nf3
d5 9. exd6 Qxd6 10. O-O Bf5 11. cxd4 e6 12. Rd1 Be7 13. Nc3 O-O 14. Nb5 Qb8 15.
g3 Nd5 16. Bxd5 exd5 17. Bf4 Qd8 18. Ne5 Bf6 19. Nxc6 bxc6 20. Nd6 Bg6 21. Rac1
Qb6 22. Qd2 Rfd8 23. Rc5 Be7 24. Rdc1 Bxd6 25. Rxc6 Bxf4 26. Qxf4 Qxb2 27. h4
h5 28. Rc7 Qe2 29. f3 Rab8 30. R7c2 Bxc2 0-1

[Event "Politiken Cup"]
[Site "Copenhagen"]
[Date "2006.07.26"]
[Round "5.93"]
[White "Knudsen, Jes West"]
[Black "Reppen, Ellisiv"]
[Result "0-1"]
[WhiteElo "1999"]
[BlackElo "1890"]
[PlyCount "98"]
[EventDate "2006.??.??"]

1. e4 e5 2. Bc4 Nf6 3. d3 Nc6 4. Nc3 Na5 5. Nge2 Nxc4 6. dxc4 c6 7. Bg5 Be7 8.
Qd2 h6 9. Bh4 d6 10. O-O-O Be6 11. b3 Qa5 12. Kb1 O-O 13. Nd5 Qd8 14. Nxe7+
Qxe7 15. f3 Rfd8 16. g4 d5 17. g5 Nh7 18. Rdg1 hxg5 19. cxd5 cxd5 20. Bxg5 Nxg5
21. Qxg5 Qxg5 22. Rxg5 f6 23. Rg2 dxe4 24. fxe4 Rac8 25. Ng3 Bh3 26. Rf2 Rd4
27. Rg1 Rcd8 28. Kb2 Rd2 29. Rf3 Rc8 30. Nh5 Rcxc2+ 31. Ka3 Rxa2+ 32. Kb4 a5+
33. Kb5 Bd7+ 34. Kb6 Rg2 35. Rg3 Rxg3 36. Rxg3 Kf8 37. Rxg7 Rxh2 38. Rxd7 Rxh5
39. Rxb7 Rh4 40. Kxa5 Rxe4 41. b4 f5 42. b5 Re1 43. Rc7 f4 44. b6 Ra1+ 45. Kb4
Rb1+ 46. Kc5 f3 47. Rc6 Kg7 48. Rc7+ Kg6 49. Kd5 f2 0-1

[Event "Politiken Cup"]
[Site "Copenhagen"]
[Date "2006.07.26"]
[Round "5.94"]
[White "Marcussen, Claus"]
[Black "Nielsen, Palle"]
[Result "1-0"]
[WhiteElo "1985"]
[BlackElo "1873"]
[PlyCount "67"]
[EventDate "2006.??.??"]

1. f4 d5 2. Nf3 Nc6 3. e3 Nf6 4. d4 Bf5 5. c3 a6 6. Bd3 Qc8 7. O-O g6 8. Ne5
Nd8 9. Qc2 Bg7 10. Nd2 Bxd3 11. Qxd3 O-O 12. h3 c5 13. g4 c4 14. Qe2 Ne4 15.
Nxe4 Bxe5 16. fxe5 dxe4 17. Qg2 Qc6 18. Bd2 Ne6 19. Be1 Ng5 20. Kh1 Nf3 21. Rd1
Rad8 22. Bg3 g5 23. Qe2 Kg7 24. Kg2 Rh8 25. Rh1 Qe6 26. Qc2 Qc6 27. d5 Rxd5 28.
Qxe4 Rd2+ 29. Kxf3 Qxe4+ 30. Kxe4 Rxb2 31. Rb1 Rxa2 32. Rxb7 Rd8 33. Rxe7 Rc2
34. Rf1 1-0

[Event "Politiken Cup"]
[Site "Copenhagen"]
[Date "2006.07.26"]
[Round "5.96"]
[White "Friesen, Bas"]
[Black "Karstensen, Christian"]
[Result "1/2-1/2"]
[WhiteElo "1971"]
[BlackElo "1741"]
[PlyCount "124"]
[EventDate "2006.??.??"]

1. d4 e6 2. Nf3 b6 3. Bf4 Bb7 4. Nbd2 Nf6 5. e3 Be7 6. h3 d5 7. c3 Nbd7 8. Bd3
c5 9. Qb1 cxd4 10. cxd4 Bb4 11. a3 Bxd2+ 12. Nxd2 Qe7 13. O-O O-O 14. b4 Rfc8
15. Qb2 Nh5 16. Bh2 f5 17. Rac1 Nhf6 18. Rxc8+ Rxc8 19. Rc1 Qd8 20. Rc2 Kf7 21.
Qc1 Rxc2 22. Qxc2 Qc8 23. Qxc8 Bxc8 24. f3 g6 25. Kf2 a6 26. a4 g5 27. Nb3 Ke7
28. Ke2 h5 29. Bc7 Ne8 30. Bg3 Nef6 31. h4 g4 32. Bf4 Bb7 33. a5 b5 34. Nd2 Kf7
35. Nf1 Bc6 36. Ng3 Bb7 37. Kd2 Bc6 38. Kc3 Bb7 39. Kd2 Bc6 40. Bd6 Bb7 41. Bc2
Nf8 42. Be5 gxf3 43. gxf3 Ng6 44. Bxf6 Kxf6 45. Nxh5+ Kf7 46. Ke2 Nxh4 47. Nf4
Ng6 48. Nd3 Bc8 49. Kf2 Ne7 50. Ne5+ Kf6 51. Kg3 Ng6 52. Nxg6 Kxg6 53. Kf4 Kf6
54. e4 fxe4 55. fxe4 Bb7 56. exd5 Bxd5 57. Be4 Bxe4 58. Kxe4 Kf7 59. d5 Ke7 60.
Kd4 exd5 61. Kxd5 Kd7 62. Kc5 Kc7 1/2-1/2

[Event "Politiken Cup"]
[Site "Copenhagen"]
[Date "2006.07.26"]
[Round "5.97"]
[White "Marshall, Michael"]
[Black "Larsen, Lars Møller"]
[Result "1-0"]
[WhiteElo "1961"]
[BlackElo "1737"]
[PlyCount "45"]
[EventDate "2006.??.??"]

1. d4 d5 2. Nf3 Nf6 3. e3 e6 4. Bd3 Nbd7 5. b3 Bd6 6. Bb2 Qe7 7. Ne5 O-O 8. O-O
Re8 9. Nd2 c6 10. f4 Nf8 11. Qe2 N6d7 12. Ndf3 f6 13. Nxd7 Nxd7 14. c4 e5 15.
fxe5 fxe5 16. dxe5 Nxe5 17. Nxe5 Bxe5 18. Qh5 Bf6 19. Qxh7+ Kf8 20. Bg6 Be6 21.
Bxf6 gxf6 22. Qh8+ Bg8 23. Rxf6+ 1-0

[Event "Politiken Cup"]
[Site "Copenhagen"]
[Date "2006.07.26"]
[Round "5.98"]
[White "Roelvaag.Anders Birk"]
[Black "Eliassen, Erik"]
[Result "0-1"]
[WhiteElo "1274"]
[BlackElo "1956"]
[PlyCount "70"]
[EventDate "2006.??.??"]

1. e4 c5 2. Nc3 d6 3. g3 Nc6 4. Bg2 Nf6 5. Nge2 g6 6. d3 Bg7 7. O-O O-O 8. h3
Bd7 9. Be3 Qc8 10. Kh2 e6 11. d4 cxd4 12. Nxd4 Ne7 13. Ndb5 Bxb5 14. Nxb5 d5
15. Nxa7 Qb8 16. exd5 Nfxd5 17. Nb5 Bxb2 18. Rb1 Nxe3 19. fxe3 Rxa2 20. Qd7 Nf5
21. Rxf5 gxf5 22. Qe7 Be5 23. Qg5+ Kh8 24. Kh1 Rxc2 25. Nd4 Ra2 26. Nf3 Rg8 27.
Qh5 f6 28. Nxe5 Qxe5 29. Rxb7 Ra1+ 30. Bf1 Rxf1+ 31. Kg2 Qxg3+ 32. Kxf1 Qg2+
33. Ke1 Qxb7 34. Qh4 Qb2 35. Qxf6+ Qxf6 0-1

[Event "Politiken Cup"]
[Site "Copenhagen"]
[Date "2006.07.26"]
[Round "5.99"]
[White "Tofte, Sondre Waage"]
[Black "Al-Saad, Mofid"]
[Result "1-0"]
[WhiteElo "1950"]
[BlackElo "1822"]
[PlyCount "53"]
[EventDate "2006.??.??"]

1. e4 Nf6 2. e5 Nd5 3. d4 d6 4. c4 Nb6 5. exd6 cxd6 6. Bd3 g6 7. b3 Bg7 8. Bb2
O-O 9. Qd2 e5 10. d5 N8d7 11. Ne2 Nc5 12. Bc2 a5 13. Na3 Qh4 14. Nb5 Qe7 15. f4
Bg4 16. O-O Rae8 17. f5 Nbd7 18. h3 Nf6 19. hxg4 Nxg4 20. Qc3 Qg5 21. Bc1 Qd8
22. Qh3 h5 23. Bd2 Qb6 24. Be3 Kh7 25. fxg6+ fxg6 26. Qxh5+ Nh6 27. Qxg6+ 1-0

[Event "Politiken Cup"]
[Site "Copenhagen"]
[Date "2006.07.26"]
[Round "5.100"]
[White "Fogh, Jens Olaf Svanholm"]
[Black "Hinman, Chris"]
[Result "1-0"]
[WhiteElo "2093"]
[BlackElo "1343"]
[PlyCount "111"]
[EventDate "2006.??.??"]

1. d4 Nf6 2. Nf3 g6 3. Bf4 d6 4. h3 Bg7 5. Nbd2 O-O 6. e4 Nbd7 7. c3 Nh5 8. Be3
e5 9. d5 f5 10. exf5 gxf5 11. Bg5 Bf6 12. h4 Qe8 13. Be2 Ng7 14. Qc2 Qe7 15.
O-O-O e4 16. Ng1 Bxg5 17. hxg5 Qxg5 18. Nh3 Qe7 19. g4 Nf6 20. gxf5 Bxf5 21.
Nb3 Qe5 22. Qd2 Rae8 23. Nf4 e3 24. fxe3 Qxe3 25. Qxe3 Rxe3 26. Rhg1 Kf7 27.
Nd4 Bd7 28. Rdf1 Nge8 29. Kd2 Re5 30. Nf3 Ne4+ 31. Kd1 Rf5 32. Nh4 Rf6 33. Bd3
Ke7 34. Nhg2 Ng5 35. Re1+ Kd8 36. Re3 Bg4+ 37. Kc2 h5 38. Ng6 Rf2+ 39. Kb3 Nf3
40. Rh1 Rf6 41. N6h4 Nxh4 42. Nxh4 Rf7 43. Rhe1 Nf6 44. c4 Rh2 45. Ng6 h4 46.
Nf4 Kc8 47. Ne6 b6 48. Rf1 Rh3 49. Rxh3 Bxh3 50. Rf4 Bg4 51. Bg6 h3 52. Rf2 Re7
53. Rxf6 h2 54. Be4 Kd7 55. Rh6 Bxe6 56. dxe6+ 1-0

[Event "Politiken Cup"]
[Site "Copenhagen"]
[Date "2006.07.26"]
[Round "5.101"]
[White "Goetzee, Rick"]
[Black "Di Paolo, Marco"]
[Result "1/2-1/2"]
[WhiteElo "1641"]
[BlackElo "2060"]
[PlyCount "52"]
[EventDate "2006.??.??"]

1. d4 Nf6 2. c4 g6 3. Nc3 d5 4. cxd5 Nxd5 5. e4 Nxc3 6. bxc3 Bg7 7. Nf3 c5 8.
Rb1 O-O 9. Be2 cxd4 10. cxd4 b6 11. O-O Bb7 12. Qd3 Nd7 13. Be3 Kh8 14. Rbc1
Nf6 15. Nd2 Qd7 16. Rc2 Rac8 17. Rfc1 Rxc2 18. Rxc2 Rc8 19. Rxc8+ Bxc8 20. Nf3
Qa4 21. Qc4 Qxc4 22. Bxc4 e6 23. Ne5 Kg8 24. f3 Bb7 25. Bb5 Kf8 26. Bd2 Kg8
1/2-1/2

[Event "Politiken Cup"]
[Site "Copenhagen"]
[Date "2006.07.26"]
[Round "5.102"]
[White "Harestad.Ove Henning"]
[Black "Schmidt, Horst Hubert"]
[Result "0-1"]
[WhiteElo "1590"]
[BlackElo "2042"]
[PlyCount "54"]
[EventDate "2006.??.??"]

1. Nf3 d5 2. d4 Nf6 3. Bf4 e6 4. e3 Bd6 5. Bxd6 cxd6 6. Bd3 Nc6 7. Nbd2 O-O 8.
O-O e5 9. dxe5 dxe5 10. e4 Be6 11. Re1 dxe4 12. Nxe4 Bg4 13. h3 Bxf3 14. Qxf3
Nxe4 15. Bxe4 Nd4 16. Qd3 f5 17. Qc4+ Kh8 18. Bxb7 Rb8 19. Ba6 Qg5 20. Kh1 f4
21. Qc5 f3 22. g3 Qh6 23. Bf1 Rbc8 24. Qxa7 Nxc2 25. Qe7 Nxa1 26. Rxa1 Qb6 27.
Qxe5 Qxf2 0-1

[Event "Politiken Cup"]
[Site "Copenhagen"]
[Date "2006.07.26"]
[Round "5.103"]
[White "Pedersen, Bent O"]
[Black "Marcussen, Johnni A"]
[Result "1-0"]
[WhiteElo "2027"]
[BlackElo "1563"]
[PlyCount "59"]
[EventDate "2006.??.??"]

1. e4 e5 2. Nf3 Nc6 3. Bb5 a6 4. Ba4 Nf6 5. d4 b5 6. Bb3 Nxd4 7. Bxf7+ Kxf7 8.
Nxe5+ Ke8 9. Qxd4 c5 10. Qd3 Qe7 11. Nf3 Qxe4+ 12. Qxe4+ Nxe4 13. O-O Be7 14.
Re1 Bb7 15. Ng5 Bxg5 16. Bxg5 Kf7 17. Bf4 d5 18. f3 Nf6 19. Nd2 c4 20. Be5 Nd7
21. Bd4 Rhe8 22. f4 g6 23. Nf3 h6 24. Kf2 Nf6 25. Ne5+ Kg8 26. Nxg6 Ne4+ 27.
Kg1 Bc8 28. Ne5 Rf8 29. Rf1 Ra7 30. Bxa7 1-0

[Event "Politiken Cup"]
[Site "Copenhagen"]
[Date "2006.07.26"]
[Round "5.104"]
[White "Harders, Poul Erik"]
[Black "Rasmussen, Morten"]
[Result "0-1"]
[WhiteElo "1585"]
[BlackElo "1976"]
[PlyCount "81"]
[EventDate "2006.??.??"]

1. d4 d5 2. c4 e6 3. Nc3 Nf6 4. Bg5 Nbd7 5. e3 Be7 6. cxd5 exd5 7. Bd3 c6 8.
Nge2 O-O 9. Qc2 Re8 10. O-O h6 11. Bh4 Nf8 12. f3 Ne6 13. Rad1 b6 14. e4 dxe4
15. fxe4 Nxd4 16. Nxd4 Qxd4+ 17. Bf2 Qb4 18. h3 Nd7 19. a3 Qa5 20. Bc4 Bf6 21.
Qb3 Ne5 22. Bxf7+ Nxf7 23. Rd6 Qe5 24. Rxc6 Bd7 25. Rc4 Be6 26. Nd5 Nd6 27. Bg3
Qxb2 28. Nxf6+ Qxf6 29. Rxf6 Bxc4 30. Qc3 gxf6 31. Bxd6 Rxe4 32. Qg3+ Kf7 33.
Qf3 Rae8 34. Qh5+ Kg7 35. Qf5 R8e6 36. Bf4 b5 37. Qh5 Rxf4 38. Qc5 Rf1+ 39. Kh2
a6 40. Qc7+ Kf8 41. Qd6+ 0-1

[Event "Politiken Cup"]
[Site "Copenhagen"]
[Date "2006.07.26"]
[Round "5.105"]
[White "Wiggen, Frode"]
[Black "Andersen, Daniel"]
[Result "1/2-1/2"]
[WhiteElo "1390"]
[BlackElo "1908"]
[PlyCount "51"]
[EventDate "2006.??.??"]

1. d4 e6 2. c4 f5 3. Nc3 Nf6 4. g3 d5 5. Bg2 c6 6. cxd5 exd5 7. Bf4 Be7 8. Nf3
O-O 9. Qd2 Ne4 10. Qc2 Nd7 11. Ne5 Ndf6 12. f3 Nxc3 13. bxc3 Qe8 14. O-O Nd7
15. Nxd7 Bxd7 16. e4 fxe4 17. fxe4 dxe4 18. Bxe4 Qh5 19. Bf3 Bg4 20. Bxg4 Qxg4
21. Qb3+ Kh8 22. Qxb7 Bf6 23. Qxc6 Rac8 24. Qf3 Qxf3 25. Rxf3 Rxc3 26. Rxc3
1/2-1/2

[Event "Politiken Cup"]
[Site "Copenhagen"]
[Date "2006.07.26"]
[Round "5.106"]
[White "Jensen, Jan Erik"]
[Black "Pieri, Enzo"]
[Result "1/2-1/2"]
[WhiteElo "1304"]
[BlackElo "1940"]
[PlyCount "95"]
[EventDate "2006.??.??"]

1. e4 c5 2. Nf3 d6 3. Nc3 e6 4. Bb5+ Nc6 5. d3 Bd7 6. O-O Nf6 7. Re1 Be7 8. b3
a6 9. Bxc6 Bxc6 10. Bb2 O-O 11. a4 Nd7 12. Ne2 Bf6 13. Bxf6 Qxf6 14. Ng3 Ne5
15. Nxe5 Qxe5 16. Qd2 g5 17. h3 Kh8 18. Rf1 Rg8 19. Ne2 Qg7 20. g4 e5 21. f3 d5
22. Ng3 d4 23. Nf5 Qf6 24. Rf2 Bd7 25. Raf1 Bxf5 26. exf5 Qd6 27. Re2 f6 28.
Qe1 Kg7 29. Rh2 Rh8 30. Kg2 h6 31. Rfh1 Qc7 32. h4 b6 33. hxg5 hxg5 34. Rxh8
Rxh8 35. Rxh8 Kxh8 36. Qh1+ Kg7 37. Qh5 Qf7 38. Qxf7+ Kxf7 39. Kf2 Ke7 40. Ke2
Kd6 41. Kd2 Kc6 42. Kc1 b5 43. Kb2 Kb6 44. c3 Ka5 45. axb5 Kxb5 46. Kc2 a5 47.
c4+ Kb4 48. Kb2 1/2-1/2

[Event "Politiken Cup"]
[Site "Copenhagen"]
[Date "2006.07.26"]
[Round "5.107"]
[White "Andersen, Harry"]
[Black "Ontiveros, John"]
[Result "1-0"]
[WhiteElo "1891"]
[BlackElo "1560"]
[PlyCount "75"]
[EventDate "2006.??.??"]

1. e4 c6 2. d4 d5 3. e5 Bf5 4. Nc3 Nd7 5. g4 Bg6 6. f4 e6 7. Be3 Bb4 8. f5 exf5
9. Bd3 Qh4+ 10. Bf2 Qxg4 11. Be2 Qe4 12. Nf3 Bxc3+ 13. bxc3 Bh5 14. O-O Ne7 15.
Bg3 f4 16. Bh4 Nf5 17. Re1 Ne3 18. Qd2 Bxf3 19. Bd3 Ng2 20. Bxe4 dxe4 21. Bg5
f5 22. Rf1 e3 23. Qd3 Be4 24. Qe2 h6 25. Bxf4 g5 26. Bxe3 O-O-O 27. Rab1 Nb6
28. c4 Nxe3 29. Qxe3 Bxc2 30. Rb4 Be4 31. a4 h5 32. a5 Nd7 33. e6 Nf6 34. d5
cxd5 35. Qc5+ Kb8 36. Qe7 dxc4 37. Qxf6 Rhf8 38. Qe5+ 1-0

[Event "Politiken Cup"]
[Site "Copenhagen"]
[Date "2006.07.26"]
[Round "5.108"]
[White "Thingstad, Anders"]
[Black "Jensen, Mads"]
[Result "1/2-1/2"]
[WhiteElo "1301"]
[BlackElo "1852"]
[PlyCount "120"]
[EventDate "2006.??.??"]

1. d4 g6 2. c4 Bg7 3. Nf3 d6 4. Nc3 Nd7 5. e4 e5 6. d5 Ne7 7. Bd3 O-O 8. Be3 f5
9. Rc1 Nf6 10. b4 a6 11. O-O Bd7 12. Qb3 fxe4 13. Nxe4 Nf5 14. Bg5 h6 15. Nxf6+
Bxf6 16. Bxf6 Qxf6 17. c5 Kh8 18. Rfe1 dxc5 19. bxc5 b6 20. Qb2 Bb5 21. Bxb5
axb5 22. Qxe5 Rxa2 23. Qxf6+ Rxf6 24. cxb6 cxb6 25. Red1 Rd6 26. Ne5 Kg7 27.
Rb1 Ne7 28. g3 Rxd5 29. Rxd5 Nxd5 30. Rxb5 Ra5 31. Rb2 b5 32. Nc6 Ra6 33. Rxb5
Nf4 34. Na5 Ne6 35. Rb7+ Kf6 36. Nc4 h5 37. Rb6 Ra4 38. Ne3 g5 39. Rb5 Nd4 40.
Rb6+ Ke5 41. Kg2 Ne6 42. Rb5+ Kf6 43. Nd5+ Kg6 44. Rb4 Ra5 45. Ne3 Kf6 46. h3
Ra2 47. Rb5 Kg6 48. Rb6 Kf7 49. Nd5 Rd2 50. Rb7+ Kg6 51. Rd7 Ra2 52. g4 hxg4
53. hxg4 Ra5 54. Ne3 Nf4+ 55. Kf3 Ra2 56. Rd6+ Kf7 57. Kg3 Ne2+ 58. Kg2 Nf4+
59. Kf1 Ke7 60. Rd1 Nh3 1/2-1/2

[Event "Politiken Cup"]
[Site "Copenhagen"]
[Date "2006.07.26"]
[Round "5.109"]
[White "Palvig, David Kinch"]
[Black "Bue, Gunnar"]
[Result "1/2-1/2"]
[WhiteElo "1238"]
[BlackElo "1843"]
[PlyCount "37"]
[EventDate "2006.??.??"]

1. f4 e6 2. b3 Be7 3. Bb2 Bf6 4. Nc3 Ne7 5. e4 d6 6. d4 g6 7. Nf3 a6 8. Bd3 Nd7
9. Qe2 e5 10. dxe5 dxe5 11. Nd5 Bg7 12. O-O-O O-O 13. Nxe5 Nxe5 14. fxe5 Nxd5
15. exd5 Re8 16. Kb1 Qg5 17. e6 fxe6 18. dxe6 Bxb2 19. Kxb2 1/2-1/2